000 00844nam a22001817a 4500
008 090823t xxu||||| |||| 00| 0 eng d
020 _a9770191965
082 _220
_a306.420917
_bخ ش ب
100 _98580
_aخشبة , سامى.
245 _aنقد الثقافة /
_cسامى خشبة.
260 _aالقاهرة :
_bالهيئة المصرية العامة للكتاب ,
_c2004.
300 _a279 ص؛
_c19 سم.
490 _aمكتبة الأسرة . سلسلة الأعمال العلمية.
650 _98578
_aالدول العربية - أحوال سياسية
650 _98579
_aالدول العربية - أحوال ثقافية
942 _2ddc
_cBB
999 _c12679
_d12679